|
|
|
|
| LEADER |
01184nam a2200325 a 4500 |
| 001 |
000005619 |
| 003 |
CZ BrMZK |
| 005 |
20150206124623.0 |
| 007 |
ta |
| 008 |
930525s1993 xr f cze d |
| 015 |
|
|
|a cnb000076560
|
| 020 |
|
|
|a 80-7116-941-2
|q (brož.)
|z 80-7116-641-2 :
|c Kč 9,90
|
| 035 |
|
|
|a (OCoLC)39577942
|
| 040 |
|
|
|a BOA001
|b cze
|
| 041 |
1 |
|
|a cze
|h ger
|
| 072 |
|
7 |
|a 821-31/-34
|x Milostná, dobrodružná, fantastická próza
|2 Konspekt
|9 25
|
| 080 |
|
|
|a 82-31/-32
|2 undef
|
| 100 |
1 |
|
|a Vandenberg, Patricia,
|d 1921-2007
|7 jn20000810141
|4 aut
|
| 245 |
1 |
0 |
|a Láska není hra /
|c Patricia Vandenbergová ; z němčiny přel. Anna Stratilová
|
| 250 |
|
|
|a 1. vyd.
|
| 260 |
|
|
|a Praha :
|b Ivo Železný,
|c 1993
|
| 300 |
|
|
|a 62 s. ;
|c 20 cm
|
| 490 |
1 |
|
|a Knihovnička Večerů pod lampou. Dr. Norden ;
|v sv. 48
|
| 655 |
|
7 |
|a povídky
|7 fd133105
|2 czenas
|
| 700 |
1 |
|
|a Stratilová, Anna
|7 xx0174762
|4 trl
|
| 765 |
0 |
|
|t Doch die Liebe ist kein Spiel
|9 Česky
|
| 830 |
|
0 |
|a Knihovnička Večerů pod lampou.
|p Dr. Norden
|
| 910 |
|
|
|a BOA001
|b 1-0990.048
|
| 990 |
|
|
|a BK
|
| 996 |
6 |
|
|b 2610000805
|c 1-0990.048
|l MZK
|r Sklad / do 1 hodiny
|n 2
|p p.v.
|w 000005619
|u 000010
|a 1
|e BOA001
|j MZK50
|s P
|